000 00479cam a22002051 4500
001 sa 66007220
003 DLC
005 20260227112302.0
008 881028s1966 xx 000 0 beno
010 _asa 66007220
035 _a(OCoLC)23580383
040 _aDLC
_cMiU
_dDLC
042 _apremarc
050 0 0 _aPK1718.B36
_bN3
100 1 _aBasu, Ajit Krishna,
_d1912-
245 1 0 _aNandinī Soma.
260 _c[1966]
300 _a168 p.
_c22 cm.
500 _aRomanized.
999 _c71017
_d71017